Hệ thống giáo dục tại Phần Lan /
Gardado en:
| Autor Principal: | |
|---|---|
| Outros autores: | , |
| Formato: | Artigo |
| Idioma: | Vietnamese |
| Những chủ đề: | |
| Các nhãn: |
Engadir etiqueta
Sen Etiquetas, Sexa o primeiro en etiquetar este rexistro!
|
| Thư viện lưu trữ: | Thư viện Trường Đại học Đà Lạt |
|---|
| LEADER | 00893nam a2200289 4500 | ||
|---|---|---|---|
| 001 | DLU180188065 | ||
| 005 | ##20181022 | ||
| 040 | # | # | |a DLU |b vie |
| 041 | # | # | |a vie |
| 044 | # | # | |a vn |
| 100 | # | # | |a Nguyễn Thị Hào. |
| 245 | # | # | |a Hệ thống giáo dục tại Phần Lan / |c Nguyễn Thị Hào, Vũ Thị Quỳnh Nga, Cao thị Phương Chi. |
| 653 | # | # | |a Giáo dục Đại học |
| 653 | # | # | |a Hệ thống giáo dục |
| 653 | # | # | |a Phần Lan |
| 700 | # | # | |a Cao Thị Phương Chi. |
| 700 | # | # | |a Vũ Thị Quỳnh Nga. |
| 773 | # | # | |t Tạp chí dạy và học ngày nay |g Số 12, 2017, tr. 64-66 |
| 920 | # | # | |a Phòng Tạp chí -- Trung tâm Thông tin - Thư viện Trường Đại học Đà Lạt |
| 994 | # | # | |a DLU |
| 900 | # | # | |a True |
| 911 | # | # | |a Trần Thị Minh Hương |
| 925 | # | # | |a G |
| 926 | # | # | |a A |
| 927 | # | # | |a BB |
| 980 | # | # | |a Thư viện Trường Đại học Đà Lạt |